MONDIALISATIONS (1880-1935) P1C1 - IIB - Statistiques

Statistiques générales
  • Ce quiz a été pris 19 fois
  • Le résultat moyen est 41 sur 59
Statistiques - réponses
Question Réponse % Correct
Nombre d'émigrants européens dans cette région entre 1880 et 1914 10 000 000
100%
Date du Chinese Exclusion Act 1882
100%
Date où le Chinese Eclusion Act est rendu permanent 1904
100%
Date de l'extension de l'interdiction aux Japonais 1907
100%
Date de l'ouverture d'Angel Island 1910
100%
Multiplication des émigrés chinois et indiens entre 1850 et 1900 (par ...) 5
100%
Part des émigrants Indiens sortant d'Asie du Sud-Est au début du XXe siècle (%) 5%
100%
Part des émigrants Indiens sortant d'Asie du Sud-Est en 1860 (%) 70%
100%
Nombre d'immigrants européens dans cette région entre 1850 et 1913 7 000 000
100%
Part des immigrants européens en Argentine n'adoptant pas la nationalité 90%
100%
Population étatsunienne en 1914 99 000 000
100%
Deuxième région d'accueil après les États-Unis Amérique latine
100%
Autre pays menant une politique raciste de contrôle de l'immigration Australie
100%
Lieu de débarquement des migrants à New York Battery Park (Manhattan)
100%
Troisième région d'accueil des émigrants européens Canada
100%
Principales origines des immigrés en France Italie, Belgique, Portugal
100%
Surnom d'Angel Island "L'Ellis Island de l'Ouest"
100%
Mythe associé aux mélanges des cultures aux États-Unis "melting pot"
100%
Nom du courant xénophobe aux États-Unis Nativisme
100%
Facteur d'attractivité en Australie Or
100%
Facteurs d'attractivité en Afrique du Sud Or, diamants
100%
D'où viennent les populations se déplaçant vers la Mandchourie Russie, Chine
100%
Part d'immigrés en France en 1901 (%) 1 %
67%
Population étasunienne en 1840 17 000 000
67%
Date du Homestead Act 1862
67%
Date de l'instauration aux États-Unis d'un refus de tout navire contenant plus de 15 Chinois 1879
67%
Date de la loi générale limitant l'immigration aux États-Unis 1882
67%
Date du Geary Act 1892
67%
Année où l'augmentation du nombre de migrants dépasse celle de la population 1900
67%
Nombre de Britanniques en Inde 200 000
67%
Part d'immigrés en France en 1911 (%) 3 %
67%
Quel est leur profil Colons, travailleurs
67%
Condition nécessaire à l'immigration aux États-Unis après 1885 Contrat de travail
67%
Part des émigrants européens partant pour les États-Unis Deux tiers
67%
Ce lieu est déplacé à ... en ... (Lieu - date) Ellis Island - 1892
67%
Livre dans lequel McKeown dit ça Histoire du monde au XIXe siècle
67%
Origines des migrants partir des années 1880 Italie, Portugal, Russie, Espagne, Europe centrale
67%
McLeown parle de la "propagation d' ... sur l'... des ... non-..." (A B C D) "propagation d'idéologies sur l'infériorité des peuples non-européens"
67%
Origines des migrants jusqu'aux années 1880 Royaume-Uni, Scandinavie, Allemagne
67%
Part de l'augmentation de la population étasunienne au XIXe siècle due à l'immigration Un tiers
67%
McKeown : "tendance globale à voir l'histoire du monde au XIXe siècle comme celle d'un ... ... ..." (A B C) "vaste empire européen"
67%
Nombre d'immigrés en France en 1911 1 160 000
33%
Nombres d'habitants européens en 1800 (millions) 180
33%
Date du Immigration Restriction Act 1901
33%
Départs moyens annuels d'Allemands entre 1880 et 1914 20 000
33%
Départs moyens annuels d'Allemands jusqu'en 1880 200 000
33%
Nombre de départs/an d'Europe (1850-1880) 270 000
33%
Nombre d'habitants européens en 1870 (millions) 300
33%
Nombre d'habitants européens en 1900 (millions) 400
33%
Nombre d'habitants européens en 1913 (millions) 450
33%
Population étasunienne en 1880 49 000 000
33%
Part de la population asiatique émigrant vers les États-Unis avant 1914 (%) 5%
33%
Nombre d'émigrés européens entre 1850 et 1914 50 000 000
33%
Nombre d'Européens en Algérie 600 000
33%
Population étasunienne en 1890 62 000 000
33%
Population étatsunienne en 1900 76 000 000
33%
Nombre de départs/an d'Europe (1880-1914) 900 000
33%
Part des émigrants européens se dirigeant vers l'Amérique (%) 93%
33%
À la fin du XIXe siècle part de l'augmentation de la population en France due à l'immigration La moitié
33%
Aucun quiz correspondant
Distribution des résultats
% des personnes avec chaque résultat
Percentile par nombre de réponses
Votre historique - résultats
Vous n’avez pas pris ce quiz